| 000 | 00331nam a22001457a 4500 | ||
|---|---|---|---|
| 003 | SGT | ||
| 020 | _a978-93-80326-31-3 | ||
| 082 |
_a181.452 _bP10V |
||
| 100 | _aVERMA,G.L. | ||
| 245 | _aPATANJALI YOGA SUTRAM | ||
| 260 |
_aNEW DELHI _bCHAUKHAMBA SANSKRIT PUB _c2010 |
||
| 300 | _a100 | ||
| 650 | _aAYURVEDA | ||
| 942 |
_2ddc _cBK _084 |
||
| 999 |
_c16577 _d16577 |
||